The science magpie: fascinating facts,stories,poems,diagrams and jokes plucked from science (Record no. 80355)

MARC details
000 -LEADER
fixed length control field 01000nam a2200193 a 4500
008 - FIXED-LENGTH DATA ELEMENTS--GENERAL INFORMATION
fixed length control field 160426s2013 ||||||||||||||||| || u
020 ## - INTERNATIONAL STANDARD BOOK NUMBER
International Standard Book Number 9781848315990
050 ## - LIBRARY OF CONGRESS CALL NUMBER
Classification number Q 180.4 Fly
100 ## - MAIN ENTRY--PERSONAL NAME
Personal name Flynn, Simon
245 14 - TITLE STATEMENT
Title The science magpie: fascinating facts,stories,poems,diagrams and jokes plucked from science
Statement of responsibility, etc. By Simon Flynn
260 ## - PUBLICATION, DISTRIBUTION, ETC.
Place of publication, distribution, etc. UK
Name of publisher, distributor, etc. Icon Books
Date of publication, distribution, etc. 2013
300 ## - PHYSICAL DESCRIPTION
Extent ix, 278.: ill.
350 ## -
-- 15.95
650 ## - SUBJECT ADDED ENTRY--TOPICAL TERM
Topical term or geographic name entry element SCIENCE--ANECDOTES
650 ## - SUBJECT ADDED ENTRY--TOPICAL TERM
Topical term or geographic name entry element SCIENCE--STORIES
995 ## -
-- MEDICAL LIBRARY OPEN ACCESS
-- 746904
-- CBU-SCHOOL OF MEDICINE LIBRARY (Ndola)
-- 15.95
-- Q 180.4 Fly
-- 3
-- AVAILABLE
-- Sep 23, 2016
-- 746904
-- Medical Library Open Access Collection
995 ## -
-- MAIN LIBRARY OPEN ACCESS
-- 746448
-- CBU-MAIN LIBRARY (Kitwe)
-- 15.95
-- Q 180.4 Fly
-- 1
-- AVAILABLE
-- Jul 7, 2016
-- 746448
-- Main Library Open Access Collection
995 ## -
-- MAIN LIBRARY OPEN ACCESS
-- 746449
-- CBU-MAIN LIBRARY (Kitwe)
-- 15.95
-- Q 180.4 Fly
-- 2
-- AVAILABLE
-- Jul 7, 2016
-- 746449
-- Main Library Open Access Collection
999 ## -
-- 80355
-- 80355
Holdings
Withdrawn status Lost status Source of classification or shelving scheme Damaged status Not for loan Permanent Location Current Location Shelving location Date acquired Total Checkouts Full call number Barcode Date last seen Copy number Price effective from Koha item type
          CBU-MAIN LIBRARY, KITWE. CBU-MAIN LIBRARY, KITWE.   06/29/2023   Q 180.4 Fly 746448 06/29/2023 3 06/29/2023 MONOGRAPH
          CBU-MAIN LIBRARY, KITWE. CBU-MAIN LIBRARY, KITWE.   06/29/2023   Q 180.4 Fly 746449 06/29/2023 1 06/29/2023 MONOGRAPH
          CBU-SCHOOL OF MEDICINE LIBRARY, NDOLA. CBU-SCHOOL OF MEDICINE LIBRARY, NDOLA.   06/29/2023   Q 180.4 Fly 746904 06/29/2023 1 06/29/2023 MONOGRAPH